<The> Impact of Globalization on the Development of Modern Concepts in Business Logistics

Explózia informačných a komunikačných technológií, orientácia podniku na kvalitu, automatizácia výroby, znižovanie výrobných nákladov a narastajúci význam systémového prístupu zapríčinili nové ponímanie podnikovej logistiky. Pod vplyvom globalizácie a rýchleho rozvoja technológií a systémov sa podni...

Descripción completa

Guardado en:
Detalles Bibliográficos
Autor principal: Richnák, Patrik, 1988-
Formato: Capítulo de libro
Lenguaje:inglés
Materias:
Etiquetas: Agregar Etiqueta
Sin Etiquetas, Sea el primero en etiquetar este registro!

MARC

LEADER 00000nla a2200000 4500
001 0245513
005 20240502073943.1
041 0 |a eng 
044 |a SK 
245 1 0 |a <The> Impact of Globalization on the Development of Modern Concepts in Business Logistics  |c Patrik Richnák 
520 |a Explózia informačných a komunikačných technológií, orientácia podniku na kvalitu, automatizácia výroby, znižovanie výrobných nákladov a narastajúci význam systémového prístupu zapríčinili nové ponímanie podnikovej logistiky. Pod vplyvom globalizácie a rýchleho rozvoja technológií a systémov sa podniková logistika mení a vznikajú moderné koncepcie podnikovej logistiky. Proces globalizácie výrazne ovplyvňuje aj samotnú logistiku z dôvodu, že logistika uskutočňuje globalizačné funkcie v oblasti medzinárodných reťazcov a tokov tovarov. Tým sa vytvára vzťah medzi globalizáciou a logistikou, pričom úlohou logistiky je strategické riadenie reťazcov, s ohľadom na uspokojenie zákazníkov a vytvorenie synergetického efektu. Analýza vybraných moderných koncepcií v podnikovej logistike pod vplyvom globalizácie. 
610 2 0 |a reťazce dodávateľsko-odberateľské 
610 2 0 |a globalizácia 
610 2 0 |a logistika podniková 
610 2 0 |a technológie informačné 
610 2 0 |a technológie komunikačné 
610 2 0 |a podnik 
100 1 |a Richnák, Patrik, 1988-